| 000 | 00615nam a22002057a 4500 | ||
|---|---|---|---|
| 003 | OSt | ||
| 005 | 20250808103256.0 | ||
| 008 | 250123b |||a|||| |||| 00| 0 spa d | ||
| 020 | _a9580476586 | ||
| 037 | _bDonación | ||
| 040 |
_aCO-JMCR _bspa _cCO-JMCR _dCO-JMCR _erda |
||
| 041 | 0 | _aspa | |
| 082 | 0 | 4 |
_223 _aC _bDISt |
| 110 | 1 |
_aDisney _eautor _943975 |
|
| 245 | 1 |
_aTierra de osos / _cDisney; traducción de Angela María Alfonso |
|
| 260 |
_aBogotá : _bGrupo Norma, Disney, _c©2003. |
||
| 300 |
_a64 páginas: _bIlustraciones; _c28 cm. |
||
| 700 |
_aAlfonso, Angela María _etraductora _943976 |
||
| 942 |
_2ddc _cBK |
||
| 999 |
_c30905 _d17289 |
||